Statistics for Sumo Winning Techniques

Click here to take the quiz!

General Stats

  • This quiz has been taken 88 times
  • The average score is 23 of 87

Answer Stats

Answer% Correct
Yorikiri
100%
Oshidashi
84%
Uwatenage
76%
Yoritaoshi
68%
Shitatenage
66%
Uwatedashinage
66%
Oshitaoshi
63%
Hatakikomi
53%
Kotenage
53%
Shitatedashinage
47%
Tsukidashi
47%
Tsukiotoshi
42%
Tsukitaoshi
42%
Tsuridashi
42%
Okuridashi
39%
Sukuinage
39%
Uwatehineri
39%
Shitatehineri
37%
Sotogake
37%
Tottari
37%
Uchigake
37%
Utchari
37%
Ashitori
34%
Ipponzeoi
34%
Chongake
32%
Okuritaoshi
32%
Hikiotoshi
29%
Isamiashi
29%
Kakenage
29%
Kubinage
29%
Tsukite
29%
Okuritsuriotoshi
26%
Fumidashi
24%
Katasukashi
24%
Kirikaeshi
24%
Mitokorozeme
24%
Okurinage
24%
Tsuriotoshi
24%
Abisetaishi
21%
Amiuchi
21%
Hikkake
21%
Izori
21%
Kainahineri
21%
Kawazugake
21%
Kimedashi
21%
Kotehineri
21%
Susoharai
21%
Tokkurinage
21%
Uchimuso
21%
Zubuneri
21%
Gasshohineri
18%
Koshikudake
18%
Kubihineri
18%
Nichonage
18%
Okuritsuridashi
18%
Sabaori
18%
Sakatottari
18%
Tsukihiza
18%
Watashikomi
18%
Yobimodoshi
18%
Harimanage
16%
Kekaeshi
16%
Ketaguri
16%
Tsutaezori
16%
Ushiromotare
16%
Kimetaoshi
13%
Komatasukui
13%
Makiotoshi
13%
Okurihikiotoshi
13%
Shumokuzori
13%
Sokubiotoshi
13%
Sotomuso
13%
Tasukizori
13%
Yaguranage
13%
Sotokomata
11%
Tsumatori
11%
Koshinage
8%
Nimaigeri
8%
Omata
8%
Osakate
8%
Tsukaminage
8%
Okurigake
5%
Waridashi
5%
Kakezori
3%
Kozumatori
3%
Susotori
3%
Sototasukizori
0%

Score Distribution

Percentile by Number Answered

Percent of People with Each Score

Your Score History

You have not taken this quiz